| 000 | 00786nam a2200217 a 4500 | ||
|---|---|---|---|
| 001 | 000889953 | ||
| 003 | AM-YeHGA | ||
| 005 | 20250617145413.0 | ||
| 008 | 120508s1983 ||| r 000 0 rus d | ||
| 040 | _aAM-YeHGA | ||
| 041 | 0 | _arus | |
| 100 | 1 | _aГольстрем, Владимир Александрович | |
| 245 | 1 | 0 |
_aЭнергетический справочник инженера / _cВ.А. Гольстрем, Ю.Л. Кузнецов. |
| 260 |
_aКиев : _bТехнiка, _c1983. |
||
| 300 |
_a487 с. : _bил. |
||
| 504 | _aБиблиогр.: с. 483-485 | ||
| 653 | 0 | _aЭнергетика - Справочники | |
| 653 | 0 | _aСправочники - Энергетика | |
| 700 | 1 | _aКузнецов, Юрий Леонидович | |
| 090 | _c312914 | ||
| 999 |
_c311196 _d311196 |
||